Ανατρεπτικά : απέναντι στο χθες και στο αύριο

Αποθηκεύτηκε σε:
Λεπτομέρειες βιβλιογραφικής εγγραφής
Κύριος συγγραφέας: Κύρκος, Λεωνίδας Μ., 1924-2011
Άλλοι συγγραφείς: Πετριδης, Παύλος Β. 1947-2000 (Επιμελητής έκδοσης)
Μορφή: Βιβλίο
Γλώσσα:Greek
Δημοσίευση: Αθήνα : Σιδεράτος, 1995
Θέματα:
Ετικέτες: Προσθήκη ετικέτας
Δεν υπάρχουν, Καταχωρήστε ετικέτα πρώτοι!

MARC

LEADER 00000nam a2200000 i 4500
001 1/10852
008 000906s1995 gre d
020 |a 960-7057-07-4 
035 |l 10063607 
040 |a GR-MY-UA  |b gre  |e aacr 
041 0 |a gre 
082 0 |a 320.9495 
100 1 |a Κύρκος, Λεωνίδας Μ.,   |d 1924-2011. 
245 1 0 |a Ανατρεπτικά :  |b απέναντι στο χθες και στο αύριο /  |c Λεωνίδας Κύρκος ; πρόλογος Αριστόβουλος Μανέσης ; ιστορική επιμέλεια Παύλος Πετρίδης ; επιμέλεια έκδοσης Άγγελος Σιδεράτος 
260 |a Αθήνα :   |b Σιδεράτος,   |c 1995 
300 |a 291 σ.;  |b είκ.;  |c 25 cm 
650 0 0 |a Speeches, addresses, etc. 
651 0 |a Greece  |x Politics and government. 
700 1 |a Πετριδης, Παύλος Β.  |d 1947-2000.  |4 edt 
852 |a INST  |b RHODES  |e 20000906  |h 320.9495 ΚΥΡ  |p 005400014936  |q 005400014936  |t BK  |y 0 
901 |a BIBL4-2000-2 
909 |a Ρ  |b 065529 
922 |a 4ΕΛΗ  |b 199903  |c ΚΠΣ/ΔΕ  |d EMVASIS 
970 |z 2000/09/ΧΡΥΣΑΝΘΗ